Science Quiz

Random Science or Elements Quiz

Elements That Start with Their Symbol Quiz Stats

 Plays Quiz Updated Mar 9, 2020

Support Sporcle.
Go Orange.
Score 0/57 Timer 07:00
0 Plays Today
Element % Correct
(H)ydrogen
93.2%
(He)lium
89.4%
(O)xygen
88.9%
(C)arbon
83.9%
(B)oron
78.2%
(N)itrogen
77.2%
(Ne)on
73.7%
(Ar)gon
72.7%
(Li)thium
71.5%
(Xe)non
66.5%
(F)luorine
63.6%
(U)ranium
59.5%
(Ca)lcium
59.5%
(S)ulfur
59.3%
(Be)ryllium
58.5%
(I)odine
58.3%
(Al)uminum
58.2%
(Kr)ypton
57.4%
(P)hosphorus
54%
(Si)licon
50.8%
(Co)balt
50.7%
(Ra)dium
48.2%
(Ni)ckel
47%
(Y)ttrium
45.7%
(Ge)rmanium
45.2%
(Br)omine
45.2%
(Ti)tanium
44.3%
(Ga)llium
43.6%
(Fr)ancium
43.5%
Element % Correct
(V)anadium
43.3%
(Ba)rium
40.6%
(Se)lenium
38.4%
(Am)ericium
33%
(La)nthanum
32.5%
(Po)lonium
32.3%
(Mo)lybdenum
30.9%
(Bi)smuth
30.8%
(In)dium
30.7%
(Os)mium
30.7%
(Ir)idium
30.1%
(Sc)andium
29.6%
(Ac)tinium
29.2%
(Eu)ropium
27.1%
(Er)bium
26.7%
(Ce)rium
25.5%
(Te)llurium
25.1%
(Rh)odium
24.8%
(Th)orium
23.1%
(Ta)ntalum
22.5%
(Ru)thenium
22.5%
(No)belium
21.8%
(Ho)lmium
21.4%
(Og)anesson
20.6%
(Lu)tetium
19%
(Dy)sprosium
18.7%
(Pr)aseodymium
17%
(Fl)erovium
13.6%

From the Vault

Eponymous Shakespeare Plays

by wiggytitch

We bet they thought these plays were about them.
Remove Ads.
Support Sporcle.
Get the best of Sporcle when you Go Orange. This ad-free experience offers more features, more stats, and more fun while also helping to support Sporcle. Thank you for becoming a member.

Show Comments

Extras

Top Quizzes Today


Score Distribution

Your Account Isn't Verified!

In order to create a playlist on Sporcle, you need to verify the email address you used during registration. Go to your Sporcle Settings to finish the process.

Report this User

Report this user for behavior that violates our Community Guidelines.

Details: